000 00851nam a22002411 4500
001 105441
003 ES-MaACL
005 20250709205326.0
007 t|
008 060712s1971 fr ||||0| spa d
080 _a94(470)"1905/07"
100 1 _aTrotsky, Leon,
_d1879-1940
_9240350
245 1 0 _a1905: resultados y perspectivas /
_cLeón Trotski.
260 _a[París] :
_bRuedo Ibérico,
_c[1971]
300 _a2 v. ;
_c22 cm.
490 1 _aBiblioteca de cultura socialista. Obras de León Trotski ;
_v2
651 4 _aRusia-
_xHistoria-
_y1905-1907, Revolución.
_99335
710 2 _aÉditions Ruedo ibérico.
_9145333
830 1 0 _aBiblioteca de cultura socialista. Obras de León Trotski
_v2
_9185032
852 _aES-MaACL
_jAND-237-38
_z- Biblioteca Juan Andrade
852 _aES-MaACL
_jL-2775-76
999 _c105441
_d105441